Just the Blue: Sports Logos Quiz Stats

 Plays Quiz Updated Mar 11, 2017

Challenge
Share
Tweet
Score 0/21 Timer 05:00
6 Plays Today
% Correct
New England Patriots
99.3%
Los Angeles Rams
98%
Carolina Panthers
94.2%
Golden State Warriors
91.6%
Pittsburgh Steelers
91.5%
Los Angeles Chargers
91%
Colorado Avalanche
89.4%
Philadelphia Phillies
89.1%
Cleveland Cavaliers
86.1%
Utah Jazz
82.4%
Texas Rangers
81.8%
% Correct
Miami Marlins
81.5%
New York Yankees
79.4%
Buffalo Sabres
77.3%
Oklahoma City Thunder
71.8%
Nashville Predators
71.4%
Columbus Blue Jackets
70.9%
Dallas Mavericks
67.7%
Florida Panthers
66%
Tampa Bay Rays
59.4%
Jacksonville Jaguars
39%

You're not logged in!

Compare scores with friends on all Sporcle quizzes.
Join for Free
OR
Log In

You Might Also Like...

Show Comments

Extras

Top Quizzes Today


Score Distribution

Your Account Isn't Verified!

In order to create a playlist on Sporcle, you need to verify the email address you used during registration. Go to your Sporcle Settings to finish the process.

Report this User

Report this user for behavior that violates our Community Guidelines.

Details: